[Event "22nd Reykjavik op"]
[Site "Reykjavik ISL"]
[Date "2006.03.10"]
[Round "5.19"]
[White "Sanchez Castillo, Sarai"]
[Black "Williams, Simon"]
[WhiteElo "2177"]
[BlackElo "2452"]
[Result "0-1"]
[EventDate "2006.03.06"]
[PlyCount "124"]

1.e4 e6 2.d4 d5 3.Nc3 Bb4 4.exd5 exd5 5.Bd3 Nc6 6.Ne2 Nge7 7.a3 Bxc3+ 8.
bxc3 Bg4 9.O-O Qd7 10.f3 Bf5 11.Ng3 Bxd3 12.Qxd3 O-O-O 13.a4 Na5 14.Qb5 
Nec6 15.Qd3 Nc4 16.Ne4 b6 17.Nd2 Nxd2 18.Qa6+ Kb8 19.Bxd2 Qc8 20.Qb5 Na5 
21.Rfb1 Qb7 22.Bf4 Ka8 23.Re1 c6 24.Qd3 Qd7 25.Bg3 Nc4 26.h3 a5 27.Rab1 
Kb7 28.Re2 Rde8 29.Rxe8 Qxe8 30.Qf5 Qe6 31.Qh5 f6 32.Re1 Qd7 33.Qg4 Rd8 
34.Qh5 h6 35.Qg6 Nb2 36.Ra1 Re8 37.Qh7 Re7 38.Kh2 Nc4 39.Re1 Rxe1 40.Bxe1 
Nb2 41.Qg8 Nxa4 42.c4 dxc4 43.Qxc4 b5 44.Qg8 b4 45.Qa2 Nb6 46.Qxa5 Qd6+ 
47.Bg3 Qxd4 48.Qf5 c5 49.Qe6 Qd7 50.Qg8 Kc6 51.Qb8 c4 52.Qf4 Qe7 53.h4 b3 
54.cxb3 cxb3 55.Qf5 Qb4 56.Qe6+ Kb5 57.Qe8+ Ka6 58.Qe2+ Qb5 59.Qb2 Na4 60.
Qb1 b2 61.Be1 g6 62.Bd2 Qe5+ 0-1

[Event "22nd Reykjavik op"]
[Site "Reykjavik ISL"]
[Date "2006.03.10"]
[Round "5.20"]
[White "Andersson, Christin"]
[Black "Rocha, Sergio"]
[WhiteElo "2170"]
[BlackElo "2405"]
[Result "1-0"]
[EventDate "2006.03.06"]
[PlyCount "91"]

1.e4 c5 2.c3 d5 3.exd5 Qxd5 4.d4 g6 5.dxc5 Qxc5 6.Be3 Qc7 7.Na3 a6 8.Nf3 
Bg7 9.Nc4 Nd7 10.Bd4 Ngf6 11.Qb3 b5 12.Nce5 O-O 13.a4 Nc5 14.Bxc5 Qxc5 15.
axb5 Ne4 16.Nd3 Qb6 17.Qb4 Bf5 18.bxa6 Qc6 19.Nd4 Bxd4 20.Qxd4 Rfd8 21.Nb4
Qc8 22.Qe3 Rd2 23.f3 Rxb2 24.fxe4 Bxe4 25.Be2 Bxg2 26.Rg1 Bc6 27.Qc1 Rxe2+
28.Kxe2 Bb5+ 29.Kd2 Qf5 30.c4 Qf4+ 31.Ke1 Qh4+ 32.Rg3 Bxc4 33.a7 Bb5 34.
Qd2 Qf6 35.Qc3 Qe6+ 36.Re3 Qg4 37.Nd3 Qg2 38.Re2 Qd5 39.Ra3 Bc6 40.Rb3 Bb5
41.Rxe7 Qh1+ 42.Kd2 Qxh2+ 43.Re2 Qh5 44.Qc5 Qxc5 45.Nxc5 Bxe2 46.Rb8+ 1-0

[Event "22nd Reykjavik op"]
[Site "Reykjavik ISL"]
[Date "2006.03.10"]
[Round "5.24"]
[White "Gunnarsson, Jon Viktor"]
[Black "Weeks, Manuel"]
[WhiteElo "2421"]
[BlackElo "2273"]
[Result "1-0"]
[EventDate "2006.03.06"]
[PlyCount "51"]

1.e4 e5 2.Nf3 Nc6 3.Bc4 Bc5 4.d3 Nf6 5.c3 d6 6.Bb3 a6 7.h3 O-O 8.Nbd2 Ba7 
9.Nf1 d5 10.Qe2 d4 11.Ng3 Qd6 12.O-O Be6 13.Nh4 Ne7 14.c4 b5 15.Bg5 Ne8 
16.Nhf5 Bxf5 17.exf5 Nf6 18.Rfe1 Nc6 19.c5 Bxc5 20.Bxf6 Qxf6 21.Ne4 Qe7 
22.Rec1 Bb6 23.Rxc6 Qd7 24.f6 Qxc6 25.Qg4 g6 26.Qg5 1-0

[Event "22nd Reykjavik op"]
[Site "Reykjavik ISL"]
[Date "2006.03.10"]
[Round "5.25"]
[White "Ziska, Helgi Dam"]
[Black "Jonsson, Bjorgvin"]
[WhiteElo "2286"]
[BlackElo "2392"]
[Result "1/2-1/2"]
[EventDate "2006.03.06"]
[PlyCount "93"]

1.e4 c6 2.d4 d5 3.f3 e6 4.Nc3 Bb4 5.Bf4 Nf6 6.Qd3 b6 7.Ne2 Ba6 8.Qe3 O-O 
9.O-O-O Nbd7 10.g4 dxe4 11.fxe4 Nxg4 12.Qf3 Ngf6 13.Rg1 Kh8 14.Ng3 Bxf1 
15.Rdxf1 Be7 16.e5 Nd5 17.Nxd5 cxd5 18.Nh5 Rg8 19.Bd2 f5 20.exf6 Bxf6 21.
Nf4 Nf8 22.Bb4 Bg5 23.Kb1 Bxf4 24.Qxf4 Qe8 25.Re1 Rc8 26.Qe5 Rc6 27.Qxd5 
exd5 28.Rxe8 Ne6 29.Rxg8+ Kxg8 30.c3 h6 31.Rf1 a5 32.Be7 Rc7 33.Bd6 Rd7 
34.Be5 Ng5 35.Kc2 a4 36.b3 axb3+ 37.axb3 Ra7 38.Kb2 b5 39.Rc1 Ne4 40.Re1 
Rf7 41.Re2 Rf3 42.c4 bxc4 43.bxc4 Nc3 44.Rg2 Na4+ 45.Kc2 dxc4 46.Rxg7+ Kf8
47.Rc7 1/2-1/2

[Event "22nd Reykjavik op"]
[Site "Reykjavik ISL"]
[Date "2006.03.10"]
[Round "5.26"]
[White "Marinelli, Tullio"]
[Black "Kjartansson, David"]
[WhiteElo "2391"]
[BlackElo "2260"]
[Result "0-1"]
[EventDate "2006.03.06"]
[PlyCount "82"]

1.d4 Nf6 2.c4 g6 3.Nc3 Bg7 4.e4 d6 5.f3 O-O 6.Be3 Nbd7 7.Qd2 c5 8.Nh3 Qa5 
9.Be2 cxd4 10.Bxd4 Nc5 11.Rb1 Bxh3 12.b4 Qd8 13.bxc5 Bxg2 14.Rg1 Bh3 15.
cxd6 b6 16.e5 Nd7 17.dxe7 Qxe7 18.Nd5 Qh4+ 19.Bf2 Qd8 20.f4 Rc8 21.Rd1 Be6
22.h4 f6 23.h5 fxe5 24.hxg6 h6 25.Rh1 Nf6 26.f5 Bxd5 27.cxd5 Ne4 28.Qd3 
Nxf2 29.Kxf2 Qd6 30.Qe4 Rxf5+ 31.Qxf5 Rf8 32.Bg4 Qxg6 33.Qxf8+ Bxf8 34.
Be6+ Kh7 35.Rhf1 Bc5+ 36.Kf3 e4+ 37.Kf4 Bd6+ 38.Ke3 Bc5+ 39.Kf4 Kh8 40.Ke5
e3 41.Rg1 e2 0-1

[Event "22nd Reykjavik op"]
[Site "Reykjavik ISL"]
[Date "2006.03.10"]
[Round "5.27"]
[White "Bjarnason, Saevar"]
[Black "D`Costa, Lorin"]
[WhiteElo "2240"]
[BlackElo "2386"]
[Result "0-1"]
[EventDate "2006.03.06"]
[PlyCount "164"]

1.e4 c5 2.Nf3 d6 3.d4 cxd4 4.Nxd4 Nf6 5.Nc3 a6 6.Bg5 e6 7.f4 Be7 8.Qf3 Qc7
9.O-O-O Nbd7 10.Be2 h6 11.Bh4 g5 12.fxg5 Ne5 13.Qg3 Rg8 14.Nf3 Nfd7 15.g6 
Rxg6 16.Qh3 Bxh4 17.Nxh4 Rf6 18.Rhf1 Qc5 19.Kb1 Ke7 20.Rxf6 Nxf6 21.Nf3 
Qe3 22.Qh4 Ng6 23.Qg3 e5 24.Rd3 Qc5 25.a3 Be6 26.Rd1 Rg8 27.Qe1 Qe3 28.Rd3
Qc5 29.g3 b5 30.Rd1 Qe3 31.Rd3 Qc5 32.Rd1 Rb8 33.Qg1 Qc7 34.Nd2 Nf8 35.Qe3
h5 36.Rf1 N8d7 37.Kc1 Qc5 38.Qxc5 dxc5 39.b4 Rc8 40.Kb2 Ng4 41.Bxg4 hxg4 
42.Rf2 f6 43.Nd1 Nb6 44.Ne3 Na4+ 45.Kc1 cxb4 46.axb4 Nc3 47.Kb2 Na4+ 48.
Kc1 Rd8 49.Nd1 Kf7 50.Re2 Rc8 51.Re3 Rh8 52.Re2 Kg6 53.c3 Rc8 54.Re3 a5 
55.bxa5 Nc5 56.Nb2 Ra8 57.c4 Rxa5 58.cxb5 Rxb5 59.Ra3 Bb3 60.Ra8 Rb4 61.
Ra3 Kg5 62.Ra5 Nxe4 63.Nd3 Nxd2 64.Nxb4 Nf3 65.Ra3 Bf7 66.Ra7 Kg6 67.Nc6 
Nxh2 68.Kd1 Nf1 69.Ra3 Kg5 70.Ke1 Nxg3 71.Rxg3 Bd5 72.Nb4 Bf3 73.Kf2 f5 
74.Rg1 f4 75.Ra1 e4 76.Ra5+ Kh4 77.Nd5 e3+ 78.Ke1 Bxd5 79.Rxd5 f3 80.Re5 
Kg3 81.Rxe3 Kg2 82.Re4 f2+ 0-1

[Event "22nd Reykjavik op"]
[Site "Reykjavik ISL"]
[Date "2006.03.10"]
[Round "5.28"]
[White "Kujovic, Michal"]
[Black "Bick, John"]
[WhiteElo "2344"]
[BlackElo "2238"]
[Result "1-0"]
[EventDate "2006.03.06"]
[PlyCount "47"]

1.e4 e5 2.d4 exd4 3.Qxd4 Nc6 4.Qe3 Nf6 5.Nc3 Bb4 6.Bd2 O-O 7.O-O-O Re8 8.
Qg3 Rxe4 9.a3 Rg4 10.Qe3 Bd6 11.g3 Rd4 12.Nf3 Nd5 13.Nxd5 Rxd5 14.Bc4 Rc5 
15.Ng5 Rxc4 16.Qd3 Rc5 17.Qxh7+ Kf8 18.Rhe1 Re5 19.f4 Re6 20.Bc3 Ke7 21.
Bxg7 Qe8 22.Qh4 f6 23.Bxf6+ Kxf6 24.Nxe6+ 1-0

[Event "22nd Reykjavik op"]
[Site "Reykjavik ISL"]
[Date "2006.03.10"]
[Round "5.29"]
[White "Thorfinnsson, Bjorn"]
[Black "Johansson, Victoria"]
[WhiteElo "2337"]
[BlackElo "2222"]
[Result "1-0"]
[EventDate "2006.03.06"]
[PlyCount "81"]

1.d4 d5 2.Bg5 h6 3.Bh4 c6 4.Nf3 Qb6 5.Qc1 Bf5 6.e3 Nd7 7.c4 e6 8.c5 Qa5+ 
9.Qd2 Qxd2+ 10.Nbxd2 e5 11.b4 exd4 12.Nxd4 Bg6 13.N2b3 Ngf6 14.Na5 Be7 15.
Nxb7 Rb8 16.Ba6 Ne5 17.Bg3 Nfd7 18.a3 Bd3 19.Bxd3 Nxd3+ 20.Ke2 Rxb7 21.
Kxd3 Bf6 22.Nxc6 Bxa1 23.Rxa1 Nf6 24.f3 h5 25.Rc1 h4 26.Bf4 Nh5 27.Bd6 f6 
28.g4 hxg3 29.hxg3 g6 30.Nd4 Rd7 31.g4 Ng7 32.Bg3 a6 33.c6 Ra7 34.a4 Ke7 
35.b5 axb5 36.axb5 Ra3+ 37.Rc3 Ra2 38.b6 Rb2 39.b7 Ne6 40.Nxe6 Rh1 41.Rc2 
1-0

[Event "22nd Reykjavik op"]
[Site "Reykjavik ISL"]
[Date "2006.03.10"]
[Round "5.31"]
[White "Hagesaether, Ellen"]
[Black "Zaremba, Andrie"]
[WhiteElo "2202"]
[BlackElo "2316"]
[Result "1/2-1/2"]
[EventDate "2006.03.06"]
[PlyCount "78"]

1.e4 c5 2.d3 Nc6 3.g3 g6 4.Bg2 Bg7 5.f4 e6 6.Nf3 Nge7 7.c3 O-O 8.O-O d6 9.
a4 Rb8 10.Be3 a6 11.Qe2 Qc7 12.Qf2 f5 13.e5 dxe5 14.Nxe5 Nxe5 15.fxe5 c4 
16.d4 h6 17.Nd2 Rd8 18.Rfc1 b5 19.axb5 axb5 20.b3 cxb3 21.Nxb3 Bb7 22.Nc5 
Bxg2 23.Qxg2 Rb6 24.Bf2 Nd5 25.Qf3 Kh7 26.Rc2 Bf8 27.Rca2 Kg8 28.Ra7 Qc8 
29.g4 Bxc5 30.dxc5 Rb7 31.gxf5 exf5 32.Bd4 Rxa7 33.Rxa7 Qe6 34.Qe2 f4 35.
Qxb5 Qg4+ 36.Kf2 Qh4+ 37.Kg1 Qg4+ 38.Kf2 Qh4+ 39.Kg1 Qg4+ 1/2-1/2

[Event "22nd Reykjavik op"]
[Site "Reykjavik ISL"]
[Date "2006.03.10"]
[Round "5.33"]
[White "Salama, Omar"]
[Black "Hardarson, Robert"]
[WhiteElo "2199"]
[BlackElo "2369"]
[Result "0-1"]
[EventDate "2006.03.06"]
[PlyCount "56"]

1.d4 Nf6 2.Nf3 c5 3.e3 g6 4.Be2 Bg7 5.O-O O-O 6.b3 d5 7.Bb2 Ne4 8.Nbd2 Nc6
9.Ne5 Qa5 10.Nxe4 dxe4 11.Nc4 Qc7 12.dxc5 Bxb2 13.Nxb2 Qe5 14.Na4 Rd8 15.
Qe1 Qg5 16.Kh1 Ne5 17.Qb4 Bd7 18.Qxb7 Bc6 19.Qb4 f5 20.Qc3 f4 21.exf4 Qxf4
22.Rad1 Rxd1 23.Rxd1 Rf8 24.Bc4+ Kg7 25.Nb2 Rf6 26.Qd4 Ng4 27.g3 Qf3+ 28.
Kg1 e3 0-1

[Event "22nd Reykjavik op"]
[Site "Reykjavik ISL"]
[Date "2006.03.10"]
[Round "5.35"]
[White "Thorsteinsdottir, Gudlaug"]
[Black "Krockenberger, Martin"]
[WhiteElo "2147"]
[BlackElo "2267"]
[Result "1/2-1/2"]
[EventDate "2006.03.06"]
[PlyCount "158"]

1.d4 Nf6 2.c4 g6 3.Nc3 Bg7 4.e4 d6 5.Nf3 O-O 6.g3 Nbd7 7.Bg2 e5 8.O-O a6 
9.h3 b5 10.cxb5 axb5 11.Re1 c6 12.d5 cxd5 13.Nxd5 Bb7 14.Nxf6+ Nxf6 15.Bg5
h6 16.Bxf6 Qxf6 17.Qb3 Rfb8 18.Nh2 Qe6 19.Qd3 Bf8 20.a3 Bc8 21.Nf1 b4 22.
Ne3 bxa3 23.Rxa3 Rxa3 24.Qxa3 Rb3 25.Qa1 Qd7 26.Rc1 Qb7 27.Rc2 Be6 28.Qc1 
Qb4 29.Kh2 Rd3 30.Nd5 Bxd5 31.exd5 Qd4 32.Re2 Rd1 33.Qc2 Ra1 34.Rd2 Qb4 
35.Re2 Kg7 36.h4 h5 37.Re4 Qb7 38.Re3 Ra8 39.Rb3 Qe7 40.Ra3 Rb8 41.Rb3 
Rxb3 42.Qxb3 Qa7 43.Qe3 Qb7 44.b3 Be7 45.Qc3 Bd8 46.b4 Bb6 47.f3 Bd4 48.
Qc4 Bf2 49.b5 Qa7 50.Qc3 Bd4 51.Qd3 Qa1 52.Qf1 Qc3 53.Qb1 Qe3 54.Kh3 Qf2 
55.Qf1 Qd2 56.Qb1 Bb6 57.Qb3 Qe1 58.Qc4 Bc5 59.Qe4 Qd2 60.Qb1 Qf2 61.Qb3 
Kf8 62.Qa4 Qb2 63.Qa8+ Kg7 64.Qa4 Bf2 65.Qc4 Bc5 66.Qa4 Qb1 67.Qc4 Qa1 68.
Qb3 Qa5 69.Qc4 Kf8 70.Bf1 Ke7 71.f4 exf4 72.Qxf4 Qc3 73.Bg2 Bd4 74.Qf3 Qc5
75.Bf1 Kf8 76.Bd3 Kg7 77.Bf1 Be5 78.Qb3 Qf2 79.Bg2 Bd4 1/2-1/2

[Event "22nd Reykjavik op"]
[Site "Reykjavik ISL"]
[Date "2006.03.10"]
[Round "5.36"]
[White "Bjarnason, Oskar"]
[Black "Thorsteinsson, Erlingur"]
[WhiteElo "2255"]
[BlackElo "2147"]
[Result "1-0"]
[EventDate "2006.03.06"]
[PlyCount "77"]

1.e4 e6 2.d4 d5 3.Nd2 dxe4 4.Nxe4 Nd7 5.Nf3 Ngf6 6.Nxf6+ Nxf6 7.c3 Be7 8.
Ne5 O-O 9.Be3 Nd7 10.Qh5 Nf6 11.Qh3 Nd5 12.Bd3 f5 13.O-O-O Bf6 14.g4 Qe7 
15.Rhg1 Bxe5 16.dxe5 Nxe3 17.Qxe3 Bd7 18.f4 b6 19.Rg3 Rad8 20.Rdg1 Rf7 21.
Bc4 fxg4 22.Rxg4 g6 23.h4 Rf5 24.Bd3 Rh5 25.Qg3 Kh8 26.Be2 Qf7 27.Bd3 Be8 
28.Bc2 Qd7 29.Rg5 Rh6 30.h5 Bf7 31.hxg6 Qd2+ 32.Kb1 Rh2 33.g7+ Kg8 34.Rc1 
Bg6 35.Rxg6 hxg6 36.Qxg6 Qxf4 37.Qxe6+ Kxg7 38.Qe7+ Kh6 39.Qh7+ 1-0

[Event "22nd Reykjavik op"]
[Site "Reykjavik ISL"]
[Date "2006.03.10"]
[Round "5.37"]
[White "Magnusson, Bjarni"]
[Black "Schwartz Ylon"]
[WhiteElo "2016"]
[BlackElo "2250"]
[Result "1/2-1/2"]
[EventDate "2006.03.06"]
[PlyCount "71"]

1.d4 Nf6 2.Nf3 g6 3.Bg5 Bg7 4.Nbd2 O-O 5.e4 d5 6.exd5 Qxd5 7.Be2 b6 8.O-O 
Bb7 9.Bc4 Qd6 10.Re1 e6 11.c3 Nbd7 12.Bf1 c5 13.Nc4 Qc7 14.Nce5 cxd4 15.
cxd4 Rac8 16.Rc1 Qb8 17.Qa4 Nxe5 18.Nxe5 Rxc1 19.Rxc1 h6 20.Bxf6 Bxf6 21.
Nd7 Qf4 22.Nxf6+ Qxf6 23.Qxa7 Bd5 24.Qxb6 Qf4 25.Qc5 Bxa2 26.b4 Bd5 27.b5 
Ra8 28.Qc3 Ra2 29.Qe3 Qxe3 30.fxe3 Rb2 31.h4 Kg7 32.Kh2 Be4 33.Ra1 Kf6 34.
Kg3 g5 35.hxg5+ hxg5 36.Ra6 1/2-1/2

[Event "22nd Reykjavik op"]
[Site "Reykjavik ISL"]
[Date "2006.03.10"]
[Round "5.39"]
[White "Thorgeirsson, Sverrir"]
[Black "Einarsson, Bergsteinn"]
[WhiteElo "1954"]
[BlackElo "2245"]
[Result "0-1"]
[EventDate "2006.03.06"]
[PlyCount "115"]

1.Nc3 c5 2.e4 Nc6 3.g3 g6 4.Bg2 Bg7 5.d3 d6 6.Nge2 e6 7.O-O Nge7 8.f4 O-O 
9.g4 f5 10.gxf5 exf5 11.Ng3 Nd4 12.Be3 Rb8 13.Rb1 b6 14.Qd2 Ba6 15.Rf2 Kh8
16.Kh1 b5 17.Nce2 Nxe2 18.Nxe2 b4 19.d4 Qc7 20.Ng3 fxe4 21.Nxe4 Nf5 22.
dxc5 d5 23.Ng3 Nxe3 24.Qxe3 Rfe8 25.Qf3 Qxc5 26.Rd2 d4 27.Rbd1 Re3 28.Qf2 
Rbe8 29.Bf1 Bb7+ 30.Bg2 Ba6 31.Bf1 Qd5+ 32.Qg2 Qxa2 33.Bxa6 Qxa6 34.Qd5 
Qf6 35.f5 gxf5 36.Qxf5 Qh4 37.Rd3 R3e6 38.Rf3 Be5 39.Qf8+ Rxf8 40.Rxf8+ 
Kg7 41.Nf5+ Kxf8 42.Nxh4 Rf6 43.Kg2 d3 44.c3 bxc3 45.bxc3 Bxc3 46.Rxd3 Bb4
47.Nf3 a5 48.Ne5 Ke7 49.Nc4 Rc6 50.Ne3 Ke6 51.Kf2 Bc3 52.Nd5 Be5 53.Ne3 
Bxh2 54.Ra3 Rc5 55.Nc4 Rxc4 56.Rxa5 Be5 57.Ra6+ Kf5 58.Rh6 0-1

[Event "22nd Reykjavik op"]
[Site "Reykjavik ISL"]
[Date "2006.03.10"]
[Round "5.41"]
[White "Bergsson, Stefan"]
[Black "Panchanathan, Magesh Chandran"]
[WhiteElo "2144"]
[BlackElo "2494"]
[Result "0-1"]
[EventDate "2006.03.06"]
[PlyCount "94"]

1.c4 Nf6 2.Nc3 e6 3.d4 Bb4 4.Qc2 O-O 5.a3 Bxc3+ 6.Qxc3 b6 7.Bg5 Bb7 8.f3 
d5 9.e3 h6 10.Bxf6 Qxf6 11.cxd5 Bxd5 12.e4 Bc6 13.Bd3 Qh4+ 14.g3 Qh5 15.
O-O-O Ba4 16.Rd2 c5 17.d5 exd5 18.exd5 Nd7 19.f4 c4 20.Be2 Qf5 21.Bd1 Bxd1
22.Rxd1 Nc5 23.Qc2 Nd3+ 24.Kb1 Qxd5 25.Ne2 Rac8 26.Rhf1 Rfd8 27.f5 b5 28.
f6 b4 29.axb4 Qe5 30.fxg7 Rb8 31.Nf4 Rxb4 32.Nxd3 cxd3 33.Qf2 Rxb2+ 34.
Qxb2 Rb8 35.Rd2 a5 36.Rfd1 a4 37.Qxb8+ Qxb8+ 38.Rb2 Qd6 39.Rdd2 Qd4 40.Ka2
Qc3 41.Rf2 a3 42.Rbd2 Kxg7 43.h4 h5 44.Rg2 f5 45.Rd1 Kf6 46.Rgd2 Ke5 47.
Re1+ Kd4 0-1

[Event "22nd Reykjavik op"]
[Site "Reykjavik ISL"]
[Date "2006.03.10"]
[Round "5.43"]
[White "Thorhallsson, Gylfi"]
[Black "Olafsson, Thorvardur"]
[WhiteElo "2187"]
[BlackElo "2132"]
[Result "0-1"]
[EventDate "2006.03.06"]
[PlyCount "100"]

1.e4 e5 2.Nf3 Nc6 3.Bb5 a6 4.Ba4 Nf6 5.O-O Be7 6.c3 b5 7.Bb3 d6 8.h3 O-O 
9.d4 Bb7 10.Re1 Re8 11.Bg5 Nd7 12.Be3 Na5 13.Bc2 c5 14.d5 Nc4 15.Bc1 Ncb6 
16.g4 Nf8 17.Nbd2 Ng6 18.Nf1 Nh4 19.Ng3 Nxf3+ 20.Qxf3 Bg5 21.Kg2 Bxc1 22.
Raxc1 Nd7 23.Nf5 Nf8 24.h4 Ng6 25.Rh1 Bc8 26.Kg3 Bxf5 27.exf5 Nf4 28.Qe4 
g6 29.Rce1 Qd7 30.Qf3 Kh8 31.f6 h5 32.g5 c4 33.Be4 a5 34.Kh2 b4 35.Rc1 
Rec8 36.Rhd1 Rab8 37.Rd2 bxc3 38.Rxc3 Rb4 39.a3 Rb5 40.Rdc2 a4 41.Rxc4 
Rxc4 42.Rxc4 Rb3 43.Rc3 Rxb2 44.Bc2 Rb8 45.Rc6 Ra8 46.Be4 Ra5 47.Qc3 Rc5 
48.Qf3 Kg8 49.Kg1 Kf8 50.Kf1 Qxc6 0-1

[Event "22nd Reykjavik op"]
[Site "Reykjavik ISL"]
[Date "2006.03.10"]
[Round "5.44"]
[White "Asbjornsson, Ingvar"]
[Black "Baldursson, Hrannar"]
[WhiteElo "1996"]
[BlackElo "2174"]
[Result "0-1"]
[EventDate "2006.03.06"]
[PlyCount "90"]

1.d4 g6 2.Nf3 Bg7 3.g3 Nf6 4.Bg2 c5 5.c4 cxd4 6.Nxd4 O-O 7.O-O Nc6 8.Nc2 
d6 9.Nc3 Be6 10.Ne3 Rc8 11.Rb1 Ng4 12.Ned5 Bxd5 13.Nxd5 e6 14.Ne3 Nxe3 15.
Bxe3 Qa5 16.a4 Rfd8 17.b4 Qc7 18.Qb3 Nd4 19.Bxd4 Bxd4 20.e3 Bg7 21.Rfc1 d5
22.c5 Bf8 23.Rc2 a5 24.Rbc1 axb4 25.Qxb4 Qb8 26.Bf1 Rxc5 27.Rxc5 b6 28.Rc8
Bxb4 29.Rxb8 Rxb8 30.Rc7 Rd8 31.Bb5 Kg7 32.Kg2 Bc5 33.Rd7 Rc8 34.Rb7 Kf6 
35.Kf3 h5 36.h3 d4 37.e4 Rf8 38.Ke2 Ke5 39.Kd3 g5 40.Rc7 Bb4 41.Rc6 Ba5 
42.Bc4 h4 43.Rc7 g4 44.Ke2 hxg3 45.fxg3 gxh3 0-1

[Event "22nd Reykjavik op"]
[Site "Reykjavik ISL"]
[Date "2006.03.10"]
[Round "5.45"]
[White "Vovk, Oksana"]
[Black "Kristjansson, Atli Freyr"]
[WhiteElo "2164"]
[BlackElo "1922"]
[Result "1-0"]
[EventDate "2006.03.06"]
[PlyCount "99"]

1.d4 d5 2.c4 e6 3.cxd5 exd5 4.Nc3 Nf6 5.Bg5 Be7 6.Qc2 O-O 7.e3 c6 8.Bd3 
Nbd7 9.Nf3 Re8 10.O-O Nf8 11.h3 Ne4 12.Bxe7 Qxe7 13.Rab1 Bf5 14.b4 Nxc3 
15.Qxc3 Bxd3 16.Qxd3 a5 17.b5 Rec8 18.bxc6 bxc6 19.Rfc1 f6 20.Rb6 Qc7 21.
Qb3 Qd6 22.Qa4 Rab8 23.Rxb8 Qxb8 24.Qxa5 Qb7 25.Qc3 Nd7 26.Nd2 Qa6 27.Qc2 
Qa5 28.Nb3 Qa4 29.Nd2 Qa5 30.Qc3 Qa4 31.Rb1 Qa6 32.Qb3 Rb8 33.Qc2 Qe2 34.
Qxc6 h6 35.Qxd5+ Kh7 36.Qf5+ Kg8 37.Qd5+ Kh8 38.Rxb8+ Nxb8 39.Nf3 Na6 40.
a3 Qd3 41.Qd6 Qb5 42.Nh4 Kh7 43.Qe6 Qb7 44.Nf5 Qb1+ 45.Kh2 Qb8+ 46.f4 Nc7 
47.Qe7 Ne8 48.Qf8 Qc8 49.Ne7 Qe6 50.d5 1-0

[Event "22nd Reykjavik op"]
[Site "Reykjavik ISL"]
[Date "2006.03.10"]
[Round "5.49"]
[White "Bjornsson, Sverrir Orn"]
[Black "Palsson, Svanberg Mar"]
[WhiteElo "2108"]
[BlackElo "1720"]
[Result "1-0"]
[EventDate "2006.03.06"]
[PlyCount "83"]

1.d4 Nf6 2.Nf3 d6 3.Bg5 g6 4.Nbd2 Bg7 5.e4 O-O 6.c3 Nc6 7.Be2 e5 8.dxe5 
dxe5 9.O-O a6 10.Qc2 Be6 11.Nc4 Bxc4 12.Bxc4 Qe8 13.Rad1 Nd7 14.b4 h6 15.
Be3 Rd8 16.Nd2 Qe7 17.Nb3 Rfe8 18.a4 Nb6 19.Bd5 Nxd5 20.exd5 Nb8 21.Qd2 
Kh7 22.c4 Bf8 23.Bc5 Qg5 24.Qxg5 hxg5 25.Bxf8 Rxf8 26.Na5 b6 27.Nb7 Rd7 
28.c5 bxc5 29.Nxc5 Rd6 30.a5 Nd7 31.Ne4 Rb8 32.Nxd6 cxd6 33.Rc1 Nf6 34.Rc6
Nxd5 35.Rxd6 Rb5 36.Rd1 Nc3 37.Rb6 Rd5 38.Rxd5 Nxd5 39.b5 axb5 40.Rxb5 Nc7
41.Rb7 Na8 42.Ra7 1-0

[Event "22nd Reykjavik op"]
[Site "Reykjavik ISL"]
[Date "2006.03.10"]
[Round "5.50"]
[White "Player, Edmund"]
[Black "Eichab, Charles"]
[WhiteElo "2122"]
[BlackElo "2157"]
[Result "1-0"]
[EventDate "2006.03.06"]
[PlyCount "77"]

1.e4 e5 2.Nc3 Nf6 3.Bc4 Nc6 4.d3 Na5 5.Nge2 Nxc4 6.dxc4 Bc5 7.O-O d6 8.Qd3
Bd7 9.Bg5 a5 10.Nd5 c6 11.Nxf6+ gxf6 12.Be3 Be6 13.b3 Qe7 14.Rad1 O-O-O 
15.a3 Qc7 16.Nc3 Rhg8 17.Kh1 Bxa3 18.Na4 Bc5 19.Ra1 b6 20.Bd2 Kb7 21.Ra2 
Ra8 22.f3 Qd7 23.Rd1 Qc8 24.Rda1 f5 25.b4 fxe4 26.fxe4 Bf2 27.Qe2 Bh4 28.
bxa5 bxa5 29.Rb2+ Kc7 30.Nb6 Qa6 31.Nxa8+ Rxa8 32.Rxa5 Qxa5 33.Bxa5+ Rxa5 
34.Rb1 h6 35.Qe3 Rc5 36.Qa3 Kd8 37.Qa7 Ke8 38.Rb8+ Bd8 39.Qc7 1-0

[Event "22nd Reykjavik op"]
[Site "Reykjavik ISL"]
[Date "2006.03.10"]
[Round "5.51"]
[White "Ragnarsson, Johann"]
[Black "Trifunovic, Dusan"]
[WhiteElo "2134"]
[BlackElo "2012"]
[Result "1/2-1/2"]
[EventDate "2006.03.06"]
[PlyCount "108"]

1.d4 Nf6 2.c4 e5 3.dxe5 Ne4 4.Nf3 b6 5.Nbd2 Bb4 6.a3 Bxd2+ 7.Nxd2 Bb7 8.
Nxe4 Bxe4 9.Qd4 Bg6 10.e6 O-O 11.exd7 Nxd7 12.Bf4 c5 13.Qd6 Bc2 14.g3 Qf6 
15.Qxf6 Nxf6 16.Rc1 Be4 17.f3 Bc6 18.Bh3 Rfe8 19.Kf2 Rad8 20.Rhd1 Ba4 21.
Rxd8 Rxd8 22.Rc3 Kf8 23.b3 Bd7 24.Bc7 Rc8 25.Bd6+ Ke8 26.Re3+ Be6 27.Bxe6 
fxe6 28.Be5 Ke7 29.Bxf6+ gxf6 30.Rd3 a6 31.e4 b5 32.f4 bxc4 33.bxc4 Rb8 
34.e5 Rb2+ 35.Kf3 fxe5 36.fxe5 a5 37.Rd6 Rxh2 38.Rc6 Ra2 39.Rc7+ Kf8 40.
Rxc5 Rxa3+ 41.Kf4 h5 42.Rc7 Rc3 43.c5 a4 44.c6 a3 45.Ra7 Ke8 46.Ra8+ Ke7 
47.c7 Kd7 48.c8=Q+ Rxc8 49.Rxa3 Rf8+ 50.Ke4 Rg8 51.Kd4 Rg5 52.Ra7+ Kc6 53.
Ra6+ Kd7 54.Ra3 Kc6 1/2-1/2

[Event "22nd Reykjavik op"]
[Site "Reykjavik ISL"]
[Date "2006.03.11"]
[Round "6.1"]
[White "Hamdouchi, Hichem"]
[Black "Sargissian, Gabriel"]
[WhiteElo "2575"]
[BlackElo "2603"]
[Result "1/2-1/2"]
[EventDate "2006.03.06"]
[PlyCount "57"]

1.e4 e5 2.Nf3 Nc6 3.Bc4 Bc5 4.c3 Nf6 5.d3 d6 6.Bb3 a6 7.Nbd2 O-O 8.Nf1 Ng4
9.d4 exd4 10.cxd4 Bb4+ 11.N1d2 Nf6 12.d5 Ne7 13.O-O c6 14.dxc6 Nxc6 15.h3 
h6 16.a3 Bc5 17.Bc2 Be6 18.b4 Ba7 19.Bb2 Nd7 20.Bb3 Re8 21.Nc4 Nde5 22.
Ncxe5 dxe5 23.Bd5 Qd6 24.Rc1 Bxd5 25.exd5 Nd4 26.Nxd4 exd4 27.Bxd4 Bb8 28.
g3 Qxd5 29.Qg4 1/2-1/2

[Event "22nd Reykjavik op"]
[Site "Reykjavik ISL"]
[Date "2006.03.11"]
[Round "6.8"]
[White "Kristjansson, Stefan"]
[Black "Stefansson, Hannes"]
[WhiteElo "2476"]
[BlackElo "2585"]
[Result "0-1"]
[EventDate "2006.03.06"]
[PlyCount "28"]

1.e4 e5 2.Nf3 Nc6 3.d4 exd4 4.Nxd4 Bc5 5.Nb3 Bb6 6.Nc3 Qf6 7.Qe2 Nge7 8.
Nd5 Nxd5 9.exd5+ Ne7 10.c4 d6 11.g3 O-O 12.Bg2 Bg4 13.Qc2 Nxd5 14.O-O Nb4 
0-1

[Event "22nd Reykjavik op"]
[Site "Reykjavik ISL"]
[Date "2006.03.11"]
[Round "6.9"]
[White "Tregubov, Pavel"]
[Black "Ward, Christopher"]
[WhiteElo "2556"]
[BlackElo "2475"]
[Result "1-0"]
[EventDate "2006.03.06"]
[PlyCount "115"]

1.d4 Nf6 2.Nf3 e6 3.c4 c5 4.d5 b5 5.Bg5 exd5 6.cxd5 d6 7.e3 a6 8.a4 b4 9.
Nbd2 Be7 10.Nc4 a5 11.Bd3 Ba6 12.Bxf6 Bxf6 13.Nfd2 O-O 14.Qc2 g6 15.Ne4 
Be7 16.Rd1 Bxc4 17.Bxc4 Nd7 18.O-O f5 19.Ng3 f4 20.exf4 Rxf4 21.Ne2 Rf7 
22.f4 Nb6 23.Bb5 Qc8 24.b3 Qg4 25.Rf3 Raf8 26.h3 Qf5 27.Bd3 Qd7 28.f5 c4 
29.bxc4 Qxa4 30.Qb1 g5 31.Nd4 Bf6 32.Nb5 b3 33.Nxd6 Qb4 34.Nxf7 Rxf7 35.d6
a4 36.Be4 Kg7 37.Kh1 Nxc4 38.Bd5 Na3 39.Qd3 Rd7 40.Be6 Rd8 41.Bxb3 axb3 
42.Qxb3 Qxb3 43.Rxb3 Nc4 44.Rb7+ Kg8 45.d7 Kf7 46.g4 h5 47.gxh5 Ne3 48.Rd3
Nxf5 49.Rb6 Ng7 50.h6 Nh5 51.h7 Kg7 52.Rc6 Kxh7 53.Rc8 Nf4 54.Rxd8 Bxd8 
55.Re3 Kg6 56.Re8 Bf6 57.Kh2 Nxh3 58.Re6 1-0

[Event "22nd Reykjavik op"]
[Site "Reykjavik ISL"]
[Date "2006.03.11"]
[Round "6.10"]
[White "Ermenkov, Evgenij"]
[Black "Rogers, Ian"]
[WhiteElo "2462"]
[BlackElo "2547"]
[Result "1/2-1/2"]
[EventDate "2006.03.06"]
[PlyCount "60"]

1.c4 Nf6 2.Nc3 c5 3.g3 e6 4.Nf3 d5 5.cxd5 exd5 6.d4 Nc6 7.Bg2 Be7 8.O-O 
O-O 9.b3 Ne4 10.Bb2 Bf6 11.Na4 b6 12.Rc1 Ba6 13.dxc5 Bxb2 14.Nxb2 bxc5 15.
Nd2 Nd4 16.Re1 Nxf2 17.Kxf2 Qf6+ 18.Nf3 Nxf3 19.Bxf3 Qxb2 20.Qxd5 Rab8 21.
Qxc5 Rb6 22.Rc2 Qf6 23.Qe3 g6 24.Rd1 Qf5 25.Rc7 Re6 26.Qf4 Qh3 27.Qh4 Qf5 
28.Qf4 Qh3 29.Qh4 Qf5 30.Qf4 Qh3 1/2-1/2

[Event "22nd Reykjavik op"]
[Site "Reykjavik ISL"]
[Date "2006.03.11"]
[Round "6.12"]
[White "Tissir, Mohamed"]
[Black "Danielsen, Henrik"]
[WhiteElo "2444"]
[BlackElo "2520"]
[Result "1-0"]
[EventDate "2006.03.06"]
[PlyCount "100"]

1.e4 d5 2.exd5 Qxd5 3.Nc3 Qa5 4.d4 c6 5.Bc4 Bf5 6.Nf3 Nf6 7.Bd2 e6 8.Nd5 
Qd8 9.Nxf6+ gxf6 10.c3 Nd7 11.Nh4 Bg6 12.Qf3 Nb6 13.Bb3 Bg7 14.O-O O-O 15.
Rfe1 f5 16.g3 c5 17.Rad1 c4 18.Bc2 Qd5 19.Qe2 Qc6 20.Ng2 Nd5 21.h4 h5 22.
Nf4 Nxf4 23.Bxf4 b5 24.Qd2 Rfd8 25.Qc1 Qd5 26.Re3 f6 27.Rde1 Re8 28.Bd1 
Rad8 29.Bf3 Qd7 30.Qc2 Bf7 31.Qe2 e5 32.dxe5 fxe5 33.Bg5 Rb8 34.Bxh5 Rec8 
35.Rd1 Qe6 36.Bxf7+ Qxf7 37.Rd6 b4 38.cxb4 Rxb4 39.Rxe5 Bxe5 40.Qxe5 Rb6 
41.Rxb6 axb6 42.Bd2 Re8 43.Qf4 Re6 44.Bc3 Kh7 45.Qd4 Kg6 46.Kh2 b5 47.Qd5 
Qe8 48.h5+ Kxh5 49.Qxf5+ Kh6 50.g4 Re2 1-0

[Event "22nd Reykjavik op"]
[Site "Reykjavik ISL"]
[Date "2006.03.11"]
[Round "6.13"]
[White "Kveinys, Aloyzas"]
[Black "Andersson, Christin"]
[WhiteElo "2517"]
[BlackElo "2170"]
[Result "1-0"]
[EventDate "2006.03.06"]
[PlyCount "55"]

1.c4 e5 2.g3 Nf6 3.Bg2 Be7 4.Nc3 O-O 5.d3 c6 6.e4 b6 7.Nge2 Bb7 8.O-O d5 
9.exd5 cxd5 10.Bg5 Nbd7 11.cxd5 Rb8 12.Be3 Ng4 13.Bd2 Nc5 14.d4 exd4 15.
Nxd4 Nf6 16.Nc6 Bxc6 17.dxc6 Nd3 18.Be3 Rc8 19.Qa4 Ne5 20.Bf4 Nd3 21.Rad1 
Bc5 22.c7 Qe7 23.Rxd3 Rfe8 24.Nd5 Nxd5 25.Rxd5 Qe2 26.Rxc5 bxc5 27.Bh3 Ra8
28.Qc6 1-0